000 00458nam a2200181Ia 4500
008 230711s9999||||xx |||||||||||||| ||und||
020 _a978-81-85790-54-1
041 _aENG
082 _a612
_bKA-P
100 _aKale,S.R
245 0 _aPractical Human Anatomy and Physiology
_bFirst Year Diploma in Pharmacy
250 _a7th Ed.
260 _c2017
_aPune
_bNirali Prakashan
300 _a114p.
650 _aPharmacy
700 _aKale,R.R
942 _cBK
999 _c7258
_d7258